| 000 | 00562nam a22001817a 4500 | ||
|---|---|---|---|
| 005 | 20251108175815.0 | ||
| 008 | 250721s2019 xx 000 0 ara d | ||
| 082 | 1 | 4 | _aط/811.9/عجم |
| 100 | 1 | _aالعجمي، احمد فراج | |
| 245 | 1 | 0 | _aالرسم على السحاب / |
| 264 | 1 |
_aالشارقة : _bدار السيف للنشر و التوزيع، _c2019. |
|
| 300 | _a67.ص | ||
| 650 | 1 | 7 | _aالادب العربي |
| 650 | 1 | 7 | _aالشعر العربي |
| 653 | _aناشئون صغار (10-14) سنة | ||
| 942 |
_2ddc _cBK |
||
| 999 |
_c142899 _d142899 |
||